| 000 | 00596cam a2200193 a 4500 | ||
|---|---|---|---|
| 001 | 000008793 | ||
| 005 | 20200929161417.0 | ||
| 008 | 010516s2001 pr s000 0 spa | ||
| 020 | _a0847701271 | ||
| 040 |
_aDO-SdBNP _cDLC |
||
| 082 |
_aPR861.44 _bB273L |
||
| 100 | 1 |
_aBarreto, Néstor. _923338 |
|
| 245 | 1 | 0 |
_aLegión : _bpoema pánico / _cNéstor Barreto. |
| 260 |
_aSan Juan, Puerto Rico : _bUniversidad de Puerto Rico, _c2001. |
||
| 300 |
_a287 p. ; _c22 cm. |
||
| 650 | 4 |
_aPoesía puertorriqueña _91015 |
|
| 650 | 4 |
_aLiteratura puertorriqueña _9250 |
|
| 910 | _aCatalogación por copia / LC | ||
| 999 |
_c8562 _d8562 |
||